00687cam a22001932 4500001001100000005001700011008004100028020001400069040001500083050002400098100004000122245014800162250001200310260004200322300001100364630004500375700003800420700003500458000000075520151217145722.0070216s xx 000 0 eng d cKES 3,900 aKABUcKABU 0aBS1140.2b.L25 19961 aLasor, William Sanford.@000015995910aOld Testament survey :bthe message, form and background of the Old Testament /cWilliam Sanford Lasor, David Allan Hubbard, Frederic Wm. Bush. a2nd ed. aGrand Rapids, MI. :bEerdmans,c1996. a860 p.00aBible.pO.T.xIntroductions.@00001490881 aHubbard, David Allan.@00001492141 aBush, Frederic Wm.@0000159960